=LDR 00000nam 2200000 4500 =001 INLIS000000000014438 =005 20130612105722 =008 ***********************************Ind** =035 ##$$0010-061300000014438 =041 ##$$a Ind =082 ##$$a 581.5 =090 ##$$a 581.5, Yus m =100 ##$$a Yusransyah, M =245 ##$$a Menyelusuri tepian pulau kaget, M. Yusransyah =260 ##$$a 2000 $b ( s. l. ) =300 ##$$a vii, 93 hlm, Il, 20 cm =650 ##$$a Ekologi alam =850 ##$$a NBPNMAT